[Event "ONJK 2018 B"]
[Site "Borne, Netherlands"]
[Date "2018.08.06"]
[Round "1.1"]
[White "Kracht, Raphael"]
[Black "Segers, Job"]
[Result "0-1"]
[WhiteElo "2050"]
[BlackElo "1565"]
[PlyCount "72"]
[EventDate "2018.??.??"]

1. e4 e5 2. Nf3 Nf6 3. d4 Nxe4 4. Nxe5 d5 5. Bd3 Bd6 6. c4 Be6 7. Qb3 Bxe5 8.
dxe5 Nc5 9. Qa3 Nxd3+ 10. Qxd3 O-O 11. cxd5 Bxd5 12. O-O Nc6 13. Nc3 Be6 14.
Qg3 f6 15. exf6 Qxf6 16. Bg5 Qf7 17. Rad1 Rae8 18. b3 a6 19. h3 Nb4 20. Rd2 Nd5
21. Rc1 c6 22. Na4 Nf6 23. Nc5 Bd5 24. Bxf6 Qxf6 25. Nxb7 Re5 26. h4 Qe7 27.
Rdd1 Re6 28. Rxd5 cxd5 29. Rc7 Re1+ 30. Kh2 Qf6 31. Nd6 Qa1 32. Kh3 Rh1+ 33.
Kg4 Qd4+ 34. f4 Rxf4+ 35. Kh5 Rhxh4+ 36. Qxh4 Rxh4+ 0-1

[Event "ONJK 2018 B"]
[Site "Borne, Netherlands"]
[Date "2018.08.06"]
[Round "1.2"]
[White "Ekker, Laurens"]
[Black "Grutter, Tim"]
[Result "0-1"]
[WhiteElo "1515"]
[BlackElo "1971"]
[PlyCount "125"]
[EventDate "2018.??.??"]

1. e4 c5 2. c3 d5 3. exd5 Qxd5 4. d4 Nf6 5. Nf3 e6 6. Be2 Be7 7. O-O Nc6 8. Be3
cxd4 9. Nxd4 Nxd4 10. Qxd4 e5 11. Qd3 O-O 12. c4 Qc6 13. Nc3 Rd8 14. Qc2 g6 15.
b3 Bf5 16. Qb2 Bf8 17. Bg5 h6 18. Bf3 e4 19. Nxe4 Nxe4 20. Bxd8 Rxd8 21. Rae1
Bg7 22. Qc1 g5 23. Qe3 Re8 24. Qxa7 g4 25. Bxe4 Bxe4 26. Qe3 Re6 27. Qg3 f5 28.
Rd1 Kh7 29. Rfe1 Be5 30. Qh4 Bxg2 31. Qd8 Bf3 32. Rd7+ Bg7 33. Rxe6 Qxe6 34.
Qe7 Qg6 35. c5 f4 36. Qe1 h5 37. Qf1 Bc6 38. Rd6 Qe4 39. Qd3 Qxd3 40. Rxd3 Kg6
41. b4 Kf5 42. h3 Ke4 43. Ra3 Bd4 44. hxg4 hxg4 45. Kf1 Kd5 46. Rb3 Kc4 47. Ke2
Bf3+ 48. Kf1 Be4 49. Ke2 Bc2 50. Ra3 Kxb4 51. Ra7 Be4 52. Ra8 Bxc5 53. Rg8 Bf3+
54. Ke1 b5 55. Rg7 Kc4 56. Rf7 Bb4+ 57. Kf1 Bd2 58. Rd7 Kc3 59. Rc7+ Kb2 60.
Ra7 b4 61. Rd7 Bc3 62. Ra7 Bd5 63. Ra6 0-1

[Event "ONJK 2018 B"]
[Site "Borne, Netherlands"]
[Date "2018.08.06"]
[Round "1.3"]
[White "Wensing, Maximilian"]
[Black "Hungeling, David"]
[Result "1-0"]
[WhiteElo "1945"]
[BlackElo "1509"]
[PlyCount "51"]
[EventDate "2018.??.??"]

1. e4 e6 2. d4 d5 3. Nd2 c5 4. Ngf3 Nc6 5. exd5 Qxd5 6. Bc4 Qd8 7. Nb3 cxd4 8.
Nbxd4 Nxd4 9. Nxd4 e5 10. Nb5 Qxd1+ 11. Kxd1 Bg4+ 12. f3 Rd8+ 13. Ke2 Rc8 14.
Bb3 Bd7 15. Nxa7 Ra8 16. Be3 Bd6 17. a4 Nf6 18. Rhd1 Bc7 19. Nb5 Bxb5+ 20. axb5
O-O 21. Bc5 Rfe8 22. b6 Rxa1 23. Rxa1 Bd8 24. Ra8 e4 25. Ba4 exf3+ 26. Kxf3 1-0

[Event "ONJK 2018 B"]
[Site "Borne, Netherlands"]
[Date "2018.08.06"]
[Round "1.4"]
[White "Neirynck, Arthur"]
[Black "Albertus, Bram"]
[Result "0-1"]
[WhiteElo "1506"]
[BlackElo "1868"]
[PlyCount "134"]
[EventDate "2018.??.??"]

1. e4 c5 2. Nf3 e6 3. d4 cxd4 4. Nxd4 Nc6 5. Nc3 Qc7 6. Bc4 a6 7. Nxc6 Qxc6 8.
Qe2 b5 9. Bd5 Qc7 10. Bxa8 Qb8 11. Bd5 exd5 12. exd5+ Be7 13. Be3 b4 14. Ne4
Qe5 15. Qd3 f5 16. Qd4 Qxe4 17. Qxe4 fxe4 18. O-O Bb7 19. Rfd1 Bd6 20. c4 bxc3
21. bxc3 Nf6 22. c4 Kf7 23. Rab1 Bc8 24. c5 Be5 25. Bd4 Bxd4 26. Rxd4 Re8 27.
Rb8 d6 28. cxd6 Bd7 29. Rb7 Rc8 30. Rc7 Rxc7 31. dxc7 Ke7 32. d6+ Ke6 33. Rc4
Bc8 34. Rc6 Kd7 35. Rc5 Kxd6 36. Rg5 g6 37. Kf1 Kxc7 38. Ke2 Bf5 39. Rg3 Nd5
40. Kd2 Kc6 41. Rb3 Nb6 42. Ke3 Nd5+ 43. Kd2 Nf4 44. g3 Nd3 45. Ke3 a5 46. f3
exf3 47. Kxf3 Nc5 48. Rb2 Be4+ 49. Ke3 Bd5 50. Kd4 Ne6+ 51. Ke5 Bc4 52. Ke4 Kc5
53. Ke3 Nd4 54. Kd2 Nc6 55. a3 Nd4 56. h4 Nb5 57. a4 Nd4 58. Kc3 Bb3 59. Rxb3
Nxb3 60. Kxb3 Kd4 61. g4 h6 62. h5 g5 63. Kb2 Ke4 64. Kc3 Kf4 65. Kc4 Kxg4 66.
Kb5 Kxh5 67. Kxa5 g4 0-1

[Event "ONJK 2018 B"]
[Site "Borne, Netherlands"]
[Date "2018.08.06"]
[Round "1.5"]
[White "Kamp, Adrian"]
[Black "Tiggelman, Laura"]
[Result "1-0"]
[WhiteElo "1850"]
[BlackElo "1500"]
[PlyCount "67"]
[EventDate "2018.??.??"]

1. e4 c5 2. d4 cxd4 3. c3 dxc3 4. Nxc3 e6 5. Nf3 Nc6 6. Bc4 g6 7. Bf4 Bg7 8.
Nb5 e5 9. Nd6+ Kf8 10. Nxf7 Qe7 11. Bd2 Nf6 12. Nxh8 Bxh8 13. O-O d6 14. Bg5
Be6 15. Bxe6 Qxe6 16. Bxf6 Bxf6 17. Qd2 Kg8 18. Rfd1 Rd8 19. b3 Ne7 20. Qa5 Nc6
21. Qb5 Rd7 22. Rac1 a6 23. Qc4 Kf7 24. b4 Ne7 25. a4 h6 26. b5 axb5 27. axb5
g5 28. Qxe6+ Kxe6 29. Nd2 d5 30. exd5+ Rxd5 31. Ne4 Rxd1+ 32. Rxd1 Kf5 33. Nxf6
Kxf6 34. Rd6+ 1-0

[Event "ONJK 2018 B"]
[Site "Borne, Netherlands"]
[Date "2018.08.06"]
[Round "1.6"]
[White "Mainka, Irmin"]
[Black "Noordenbos, Daan"]
[Result "1-0"]
[WhiteElo "1499"]
[BlackElo "1842"]
[PlyCount "77"]
[EventDate "2018.??.??"]

1. e4 c5 2. Nf3 e6 3. d4 cxd4 4. Nxd4 Nc6 5. Nc3 a6 6. Be3 Be7 7. Bd3 b5 8. O-O
Bb7 9. Nxc6 Bxc6 10. f4 b4 11. Ne2 Nf6 12. Ng3 h5 13. e5 Ng4 14. Bd4 Qa5 15. h3
Bc5 16. Be4 h4 17. Bxc6 dxc6 18. Ne4 Ne3 19. Nd6+ Bxd6 20. Bxe3 Be7 21. Qf3 Qd5
22. Qg4 Qe4 23. Qe2 g6 24. Rae1 a5 25. Kh2 Rh5 26. Qf2 Qd5 27. Rd1 Qb5 28. Rd3
Rd8 29. Rxd8+ Bxd8 30. Bc5 Rf5 31. b3 g5 32. Rd1 Be7 33. Bxe7 Kxe7 34. Qa7+ Kf8
35. Rd8+ Kg7 36. Qe7 Rxe5 37. Qf8+ Kg6 38. Qg8+ Kf6 39. Qh8+ 1-0

[Event "ONJK 2018 B"]
[Site "Borne, Netherlands"]
[Date "2018.08.06"]
[Round "1.7"]
[White "Kamp, Aaron"]
[Black "Joosse, Xander"]
[Result "0-1"]
[WhiteElo "1784"]
[BlackElo "1471"]
[PlyCount "66"]
[EventDate "2018.??.??"]

1. e4 e5 2. d4 exd4 3. Nf3 Nc6 4. Bc4 Nf6 5. e5 Qe7 6. O-O Qc5 7. Bxf7+ Kxf7 8.
exf6 gxf6 9. c3 dxc3 10. Nxc3 d6 11. Be3 Qh5 12. Qd5+ Qxd5 13. Nxd5 Rg8 14.
Nxc7 Rb8 15. Bf4 Ne5 16. Nxe5+ dxe5 17. Bg3 Bd6 18. Nb5 Bc5 19. Rac1 b6 20.
Rfd1 Bg4 21. Rd2 Rbc8 22. Kh1 a6 23. Nc3 Bd4 24. h3 Bh5 25. Bh2 b5 26. a3 a5
27. f4 Be3 28. Rd7+ Ke6 29. Rcd1 Bxd1 30. Rxd1 b4 31. axb4 axb4 32. Nd5 Rgd8
33. f5+ Kf7 0-1

[Event "ONJK 2018 B"]
[Site "Borne, Netherlands"]
[Date "2018.08.06"]
[Round "1.8"]
[White "Heij, Abedin"]
[Black "Boghossian, Wahe"]
[Result "0-1"]
[WhiteElo "1464"]
[BlackElo "1780"]
[PlyCount "92"]
[EventDate "2018.??.??"]

1. d4 Nf6 2. c4 e6 3. Nf3 c5 4. e3 cxd4 5. Nxd4 Nc6 6. Nc3 Be7 7. g3 O-O 8. Bg2
a6 9. O-O Qc7 10. b3 d6 11. Bb2 Rb8 12. Qe2 h6 13. Rfd1 Rd8 14. Rac1 Bd7 15.
Rd2 Rbc8 16. h3 Nxd4 17. Rxd4 Bc6 18. e4 Rd7 19. Rcd1 Rcd8 20. R4d3 Qb6 21.
R1d2 Qc7 22. Qd1 b5 23. cxb5 axb5 24. Rc2 Qb7 25. f3 Qb6+ 26. Kh2 Qb7 27. Qc1
b4 28. Ne2 Bb5 29. Rdd2 Nh5 30. Nd4 e5 31. Nxb5 Bg5 32. Nxd6 Rxd6 33. Rxd6 Rxd6
34. Rc8+ Kh7 35. Qc7 Qxc7 36. Rxc7 f6 37. Rc2 Rd1 38. a3 Be3 39. h4 bxa3 40.
Bxa3 Rd3 41. Rb2 Bd4 42. Rb1 Bf2 43. g4 Nf4 44. Bf1 Rxf3 45. Bc1 Bg3+ 46. Kh1
Rxf1# 0-1

[Event "ONJK 2018 B"]
[Site "Borne, Netherlands"]
[Date "2018.08.06"]
[Round "1.9"]
[White "Vitharana, Annelies"]
[Black "Monteny, Pascalle"]
[Result "1-0"]
[WhiteElo "1769"]
[BlackElo "1433"]
[PlyCount "95"]
[EventDate "2018.??.??"]

1. e4 e5 2. Nf3 Nc6 3. d4 exd4 4. Nxd4 Bc5 5. Be3 Qf6 6. c3 d6 7. Bc4 Ne5 8.
Be2 Ne7 9. O-O Bb6 10. Nb5 O-O 11. Bxb6 cxb6 12. f4 N5g6 13. Qxd6 Qxd6 14. Nxd6
Rd8 15. Nc4 Be6 16. Ne3 Bd7 17. g3 Bc6 18. Bf3 Rd3 19. Nc2 f5 20. Be2 Rd7 21.
Bc4+ Kh8 22. exf5 Nf8 23. Nd4 Rad8 24. Re1 a6 25. Na3 b5 26. Bb3 h6 27. Nac2
Nh7 28. Ne6 Re8 29. Ncd4 Nf6 30. Nc5 Rd6 31. Bf7 Red8 32. Rxe7 Nd5 33. Bxd5
Rxd5 34. Nce6 Rg8 35. Re1 a5 36. Re5 b4 37. Rxd5 Bxd5 38. cxb4 axb4 39. b3 Rc8
40. Rc7 Ra8 41. Rc2 Rg8 42. Nc5 Re8 43. Kf2 Kg8 44. Nce6 Re7 45. Rc8+ Kh7 46.
Nf8+ Kg8 47. Ng6+ Kf7 48. Rf8# 1-0

[Event "ONJK 2018 B"]
[Site "Borne, Netherlands"]
[Date "2018.08.06"]
[Round "1.10"]
[White "Maas, Tristan"]
[Black "Schaefer, Daniel"]
[Result "0-1"]
[WhiteElo "1431"]
[BlackElo "1739"]
[PlyCount "80"]
[EventDate "2018.??.??"]

1. e4 e5 2. Nf3 Nc6 3. c3 Nf6 4. d3 Bc5 5. d4 exd4 6. e5 Qe7 7. cxd4 Bb4+ 8.
Nc3 d6 9. Qe2 Nd5 10. Bd2 Be6 11. Qb5 Nb6 12. d5 a6 13. Qd3 Bxc3 14. dxc6 Bxd2+
15. Nxd2 bxc6 16. exd6 cxd6 17. Be2 Nd5 18. Qc4 Qb7 19. b3 Ne3 20. Qe4 Nd5 21.
Nc4 Qb4+ 22. Nd2 a5 23. a3 Qxe4 24. Nxe4 Kd7 25. O-O Nf4 26. Bc4 d5 27. Nc5+
Kd6 28. Nxe6 fxe6 29. Rfd1 e5 30. g3 Ne6 31. Bf1 Rab8 32. Rab1 Rb6 33. Rb2 Rhb8
34. Rdb1 c5 35. Bg2 Nd4 36. f4 exf4 37. gxf4 Rxb3 38. Rxb3 Rxb3 39. Re1 Nf3+
40. Bxf3 Rxf3 0-1

[Event "ONJK 2018 B"]
[Site "Borne, Netherlands"]
[Date "2018.08.06"]
[Round "1.11"]
[White "Broersma, Sven"]
[Black "Tiemens, Tygo"]
[Result "1-0"]
[WhiteElo "1716"]
[BlackElo "1415"]
[PlyCount "105"]
[EventDate "2018.??.??"]

1. d4 d5 2. c4 c5 3. Nf3 Nc6 4. e3 Nf6 5. Nc3 e6 6. Be2 Bd6 7. O-O O-O 8. Qc2
e5 9. cxd5 exd4 10. dxc6 dxc3 11. cxb7 Bxb7 12. Qxc3 Qe7 13. Bd2 Rad8 14. Rfd1
Ne4 15. Qc2 Ng5 16. Qf5 Nxf3+ 17. Bxf3 Bxf3 18. Qxf3 Be5 19. Bc3 Bxc3 20. bxc3
Rd6 21. Rxd6 Qxd6 22. Rd1 Qb6 23. Qd5 Rb8 24. g3 g6 25. Kg2 Rc8 26. Qd7 Qc6+
27. Qd5 Kg7 28. e4 Qf6 29. e5 Qf5 30. e6 Qxd5+ 31. Rxd5 fxe6 32. Rd7+ Kh6 33.
Rxa7 Rb8 34. Rc7 Rb2 35. Rxc5 Rxa2 36. Kf3 g5 37. Rc6 g4+ 38. Kg2 Re2 39. Kf1
Re4 40. c4 Kg5 41. c5 e5 42. Rc8 Kf6 43. Kg2 Ke6 44. f4 exf4 45. Re8+ Kd5 46.
Rxe4 Kxe4 47. c6 Ke3 48. gxf4 Kxf4 49. c7 h5 50. c8=Q Kg5 51. Qc5+ Kh4 52. Qe5
g3 53. Qxg3# 1-0

[Event "ONJK 2018 B"]
[Site "Borne, Netherlands"]
[Date "2018.08.06"]
[Round "1.12"]
[White "Nopper, Louis"]
[Black "Salomons, Quinten"]
[Result "0-1"]
[WhiteElo "1386"]
[BlackElo "1710"]
[PlyCount "54"]
[EventDate "2018.??.??"]

1. c4 e5 2. g3 Nc6 3. Bg2 g6 4. Nc3 Bg7 5. Rb1 f5 6. d3 Nf6 7. b4 O-O 8. Nh3 h6
9. O-O Kh7 10. a4 Ne7 11. a5 d5 12. Qb3 Be6 13. f4 dxc4 14. dxc4 e4 15. Rd1 Qe8
16. Nb5 Qf7 17. Na3 b5 18. Nxb5 Bxc4 19. Qa4 Bxe2 20. Re1 Bd3 21. Rb2 Nfd5 22.
Rd2 Nc3 23. Nxc3 Bxc3 24. Rxd3 exd3 25. Rd1 Rad8 26. Nf2 Qc4 27. Bf1 Qxb4 0-1

[Event "ONJK 2018 B"]
[Site "Borne, Netherlands"]
[Date "2018.08.06"]
[Round "1.13"]
[White "Vleming, Stefan"]
[Black "Schelleman, Martijn"]
[Result "1-0"]
[WhiteElo "1685"]
[BlackElo "1379"]
[PlyCount "39"]
[EventDate "2018.??.??"]

1. d4 d5 2. c4 Nf6 3. cxd5 Nxd5 4. e4 Nb6 5. Nc3 Nc6 6. Be3 e6 7. Nf3 f5 8. Qb3
Bb4 9. O-O-O Bxc3 10. Qxc3 fxe4 11. d5 exd5 12. Qxg7 Rf8 13. Bc5 Ne7 14. Ng5
Bf5 15. Be2 Nd7 16. Rxd5 Nxd5 17. Bh5+ Bg6 18. Qxg6+ hxg6 19. Bxg6+ Rf7 20.
Bxf7# 1-0

[Event "ONJK 2018 B"]
[Site "Borne, Netherlands"]
[Date "2018.08.06"]
[Round "1.14"]
[White "Van Hille, Clara"]
[Black "Bonenkamp, Jasper"]
[Result "0-1"]
[WhiteElo "1296"]
[BlackElo "1684"]
[PlyCount "102"]
[EventDate "2018.??.??"]

1. e4 c5 2. Nc3 d6 3. f4 Nc6 4. Bb5 Bd7 5. Bxc6 Bxc6 6. d3 e6 7. Nf3 Be7 8. O-O
Nf6 9. Qe1 Qc7 10. Bd2 O-O-O 11. Ne2 Nd7 12. a3 f5 13. Ng3 fxe4 14. Nxe4 h6 15.
b4 d5 16. Ng3 Rde8 17. Rb1 Bd6 18. b5 Bxb5 19. Rxb5 Bxf4 20. Bxf4 Qxf4 21. Qb1
b6 22. Qc1 Qd6 23. Qe3 Rhf8 24. Rbb1 g5 25. Nd2 Rg8 26. c4 Kb8 27. Nh5 Ref8 28.
Rxf8+ Rxf8 29. Re1 e5 30. cxd5 Qxd5 31. Qe4 Qd4+ 32. Qxd4 exd4 33. Nc4 Kc7 34.
Re7 Kc6 35. Ne5+ Nxe5 36. Rxe5 Kb5 37. Re1 Ka4 38. Ra1 Kb3 39. a4 Kb2 40. Rf1
Rxf1+ 41. Kxf1 Kb3 42. Ke2 Kxa4 43. Kd2 b5 44. Ng3 b4 45. Kc2 Ka3 46. Kb1 Kb3
47. Ne2 a5 48. Nc1+ Kc3 49. Ka2 a4 50. Kb1 b3 51. Nxb3 axb3 0-1

[Event "ONJK 2018 B"]
[Site "Borne, Netherlands"]
[Date "2018.08.06"]
[Round "1.15"]
[White "Basa, Manasvita"]
[Black "Keetelaar, Denny"]
[Result "1-0"]
[WhiteElo "1668"]
[BlackElo "1286"]
[PlyCount "135"]
[EventDate "2018.??.??"]

1. e4 e5 2. Nf3 Nc6 3. Bc4 Nf6 4. d3 Bc5 5. O-O O-O 6. Bg5 d6 7. h3 Be6 8. Bb3
h6 9. Bh4 Kh8 10. Kh1 g5 11. Nxg5 hxg5 12. Bxg5 Rg8 13. Qd2 Nxe4 14. Bxd8 Nxd2
15. Bf6+ Kh7 16. Nxd2 Nd4 17. Bxe6 Nxe6 18. Ne4 Rg6 19. Bh4 f5 20. Nxc5 dxc5
21. Rae1 Rag8 22. g3 f4 23. Rxe5 b6 24. c3 Rf8 25. Rfe1 Ng7 26. Re7 fxg3 27.
Bxg3 Rc6 28. Be5 Rg6 29. Re2 Kh6 30. Rxc7 a6 31. Bxg7+ Rxg7 32. Rc6+ Kh5 33.
Rxb6 Rf3 34. Kh2 Rxd3 35. Rxa6 Kg5 36. Rae6 Rf3 37. R6e3 Kf4 38. Re8 Rf7 39. a4
Kg5 40. Rg8+ Kh6 41. Kg2 R3f4 42. Rg4 R4f6 43. b4 cxb4 44. cxb4 Rd6 45. a5 Ra7
46. Ra2 Rd5 47. Rg3 Rb5 48. Rb3 Kh5 49. Kf3 Kh4 50. Ke4 Rab7 51. Ra4 Rc7 52. a6
Ra7 53. Kd4 Rf5 54. b5 Rf4+ 55. Kc5 Rxa4 56. Rb4+ Rxb4 57. Kxb4 Kxh3 58. Ka5
Rf7 59. b6 Rf5+ 60. Kb4 Rf4+ 61. Kc5 Rf5+ 62. Kd4 Rxf2 63. b7 Rb2 64. a7 Rxb7
65. a8=Q Rd7+ 66. Ke5 Rg7 67. Qh1+ Kg3 68. Qg1+ 1-0

[Event "ONJK 2018 B"]
[Site "Borne, Netherlands"]
[Date "2018.08.06"]
[Round "1.16"]
[White "Altgelt, Helene"]
[Black "Waardenburg, Marlinde"]
[Result "0-1"]
[WhiteElo "1249"]
[BlackElo "1665"]
[PlyCount "65"]
[EventDate "2018.??.??"]

1. e4 Nf6 2. Nc3 d5 3. e5 Nfd7 4. Nf3 e6 5. Be2 c5 6. O-O Nc6 7. Bb5 Be7 8. Re1
O-O 9. b3 Qc7 10. Bd3 a6 11. a4 h6 12. Qe2 b6 13. Bb2 Bb7 14. Nd1 Na5 15. Bc3
Nc6 16. Bb2 Nb4 17. c3 Nxd3 18. Qxd3 c4 19. bxc4 dxc4 20. Qe2 Rad8 21. Ba3 Bxa3
22. Rxa3 Bxf3 23. Qxf3 Qc5 24. Ra2 Nxe5 25. Qe2 Nd3 26. Ne3 Nxe1 27. Qxe1 Rd7
28. Qe2 b5 29. axb5 axb5 30. h3 Rfd8 31. Kh2 Ra7 32. Rxa7 Qxa7 33. Qd1 0-1

[Event "ONJK 2018 B"]
[Site "Borne, Netherlands"]
[Date "2018.08.07"]
[Round "2.1"]
[White "Grutter, Tim"]
[Black "De Man, Luuk"]
[Result "1-0"]
[WhiteElo "1971"]
[BlackElo "1653"]
[PlyCount "106"]
[EventDate "2018.??.??"]

1. e4 c5 2. Nf3 Nc6 3. Nc3 e6 4. d4 cxd4 5. Nxd4 a6 6. Be3 Nf6 7. Qd2 Be7 8. f3
d5 9. exd5 Nxd5 10. Nxd5 Qxd5 11. Nxc6 bxc6 12. Bd3 Rb8 13. c3 Bh4+ 14. g3 Bf6
15. O-O O-O 16. Qe2 Qd7 17. Rfd1 Qe7 18. Bxa6 Bxa6 19. Qxa6 Qc7 20. Bc5 Be7 21.
Bxe7 Qxe7 22. Rd2 Qc5+ 23. Kg2 Rb5 24. a4 Qe3 25. Rf2 Rh5 26. Qe2 Qb6 27. b4
Rd8 28. a5 Qa7 29. Rff1 Rhd5 30. Rfd1 Rxd1 31. Rxd1 Rxd1 32. Qxd1 h6 33. Qd8+
Kh7 34. Qd3+ Kg8 35. c4 g6 36. Qd8+ Kg7 37. Qd2 Qa6 38. Qd4+ Kg8 39. Qc5 Kg7
40. Kf2 h5 41. Ke3 Kf6 42. Kd3 Qa8 43. Kc3 Kg7 44. Kb3 Qd8 45. Qe5+ Kg8 46. Qc3
Qd1+ 47. Ka3 Qd6 48. a6 c5 49. b5 Qc7 50. Kb3 Kf8 51. Qa1 Qd7 52. a7 Qd3+ 53.
Qc3 Qd1+ 1-0

[Event "ONJK 2018 B"]
[Site "Borne, Netherlands"]
[Date "2018.08.07"]
[Round "2.2"]
[White "Waardenburg, Marlinde"]
[Black "Wensing, Maximilian"]
[Result "0-1"]
[WhiteElo "1665"]
[BlackElo "1945"]
[PlyCount "80"]
[EventDate "2018.??.??"]

1. e4 c5 2. Nc3 a6 3. f4 b5 4. Nf3 Bb7 5. d3 e6 6. g3 d5 7. e5 h5 8. Qe2 Ne7 9.
Bd2 Nbc6 10. Bg2 Nf5 11. Qd1 h4 12. g4 h3 13. gxf5 hxg2 14. Rg1 exf5 15. Rxg2
d4 16. Nb1 Qd5 17. Rg3 Be7 18. Na3 Bh4 19. Nxh4 Rxh4 20. Qf3 Qxf3 21. Rxf3 Nxe5
22. Rf2 Nf3+ 23. Ke2 Kd7 24. Raf1 Nxh2 25. Rg1 Ng4 26. Rff1 Re8+ 27. Kd1 g6 28.
c3 Rh2 29. Re1 dxc3 30. bxc3 Rxe1+ 31. Rxe1 Bd5 32. c4 bxc4 33. dxc4 Nf2+ 34.
Kc2 Be4+ 35. Kb3 Nd3 36. Rd1 Kc6 37. Bc3 Nxf4 38. Be5 Rh3+ 39. Ka4 Nd3 40. Ba1
g5 0-1

[Event "ONJK 2018 B"]
[Site "Borne, Netherlands"]
[Date "2018.08.07"]
[Round "2.3"]
[White "Albertus, Bram"]
[Black "Heskes, Johan"]
[Result "1-0"]
[WhiteElo "1868"]
[BlackElo "1625"]
[PlyCount "67"]
[EventDate "2018.??.??"]

1. c4 c5 2. Nc3 d6 3. g3 Nf6 4. Bg2 g6 5. d3 Bg7 6. a3 Nc6 7. Rb1 Rb8 8. e3 O-O
9. Nge2 Bd7 10. O-O Qc8 11. Re1 Bh3 12. Bh1 e5 13. b4 Qd7 14. Qa4 Rfc8 15. b5
Nd8 16. Qxa7 Ra8 17. Qb6 Qe6 18. Ne4 Nxe4 19. Bxe4 Kh8 20. Bb2 f5 21. Bd5 Qe7
22. d4 cxd4 23. exd4 f4 24. Nxf4 Bf5 25. Rbd1 Rab8 26. dxe5 dxe5 27. Qe3 Nf7
28. Bxf7 Qxf7 29. Bxe5 Bxe5 30. Qxe5+ Kg8 31. Nd5 Bh3 32. Ne7+ Kf8 33. Qh8+ Qg8
34. Qxg8# 1-0

[Event "ONJK 2018 B"]
[Site "Borne, Netherlands"]
[Date "2018.08.07"]
[Round "2.4"]
[White "Huang, Wendy"]
[Black "Kamp, Adrian"]
[Result "0-1"]
[WhiteElo "1648"]
[BlackElo "1850"]
[PlyCount "68"]
[EventDate "2018.??.??"]

1. e4 c5 2. Nf3 d6 3. d4 cxd4 4. Nxd4 Nf6 5. Nc3 g6 6. Be3 Bg7 7. Be2 O-O 8.
Qd2 Nc6 9. O-O-O Nxd4 10. Bxd4 Be6 11. h4 Qa5 12. Qg5 Qxg5+ 13. hxg5 Nd7 14.
Bxg7 Kxg7 15. f4 Nc5 16. g4 b5 17. Bf3 b4 18. Nd5 Bxd5 19. Rxd5 Rac8 20. Kb1
Ne6 21. f5 Nxg5 22. Bg2 h6 23. Rf1 Rc4 24. Re1 Rfc8 25. Re2 R8c5 26. Rxc5 dxc5
27. Kc1 e6 28. fxg6 Kxg6 29. Kd2 Rd4+ 30. Kc1 f6 31. Rd2 Rxd2 32. Kxd2 Nf7 33.
Ke3 Kg5 34. Bf3 Ne5 0-1

[Event "ONJK 2018 B"]
[Site "Borne, Netherlands"]
[Date "2018.08.07"]
[Round "2.5"]
[White "Boghossian, Wahe"]
[Black "Molanus, Lennart"]
[Result "1/2-1/2"]
[WhiteElo "1780"]
[BlackElo "1603"]
[PlyCount "57"]
[EventDate "2018.??.??"]

1. e4 c5 2. Nf3 d6 3. d4 cxd4 4. Nxd4 Nf6 5. Nc3 g6 6. Be2 Bg7 7. Be3 O-O 8.
O-O Nc6 9. h3 Bd7 10. Qd2 Nxd4 11. Bxd4 a6 12. Bf3 Qc7 13. Rad1 Rac8 14. Rfe1
Be6 15. Qe3 b5 16. a3 Nd7 17. Nd5 Bxd5 18. exd5 Qxc2 19. Rc1 Bxd4 20. Rxc2 Bxe3
21. Rxc8 Bxf2+ 22. Kxf2 Rxc8 23. Rxe7 Ne5 24. Ra7 Rc2+ 25. Kg3 Rd2 26. Rxa6
Nxf3 27. gxf3 Rxd5 28. Rb6 Kg7 29. Kf4 1/2-1/2

[Event "ONJK 2018 B"]
[Site "Borne, Netherlands"]
[Date "2018.08.07"]
[Round "2.6"]
[White "Schneider, Daniel"]
[Black "Vitharana, Annelies"]
[Result "1/2-1/2"]
[WhiteElo "1617"]
[BlackElo "1769"]
[PlyCount "25"]
[EventDate "2018.??.??"]

1. d4 Nf6 2. Bf4 e6 3. Nd2 d5 4. e3 Be7 5. Ngf3 O-O 6. Bd3 b6 7. c3 Bb7 8. Qb1
Nbd7 9. g4 h6 10. g5 hxg5 11. Bxg5 Nh5 12. h4 f5 13. Ke2 1/2-1/2

[Event "ONJK 2018 B"]
[Site "Borne, Netherlands"]
[Date "2018.08.07"]
[Round "2.7"]
[White "Schaefer, Daniel"]
[Black "Adema, Marrit"]
[Result "1/2-1/2"]
[WhiteElo "1739"]
[BlackElo "1583"]
[PlyCount "96"]
[EventDate "2018.??.??"]

1. d4 Nf6 2. c4 e6 3. Nf3 Bb4+ 4. Bd2 Qe7 5. a3 Bxd2+ 6. Qxd2 d6 7. Nc3 Nc6 8.
e4 e5 9. d5 Na5 10. Qc2 b6 11. b4 Nb7 12. Be2 Nh5 13. O-O O-O 14. Ne1 Nf4 15.
Nd3 Nxe2+ 16. Qxe2 f5 17. f4 fxe4 18. Nxe4 exf4 19. Nxf4 Re8 20. Rae1 Bd7 21.
Qf2 Qf7 22. Qg3 Rac8 23. Ng5 Qf6 24. Rxe8+ Rxe8 25. Nfe6 Qg6 26. Nxc7 Rc8 27.
Qf4 h6 28. Nge6 a5 29. Qd4 axb4 30. axb4 b5 31. Nxb5 Bxe6 32. dxe6 Qxe6 33. Qb6
Nd8 34. Qxd6 Qxc4 35. Na3 Qc3 36. Nb5 Qe3+ 37. Kh1 Ne6 38. h3 Qe2 39. Rb1 Rd8
40. Qe7 Rf8 41. Nc3 Rf1+ 42. Rxf1 Qxf1+ 43. Kh2 Qf4+ 44. Kg1 Qc1+ 45. Kf2 Qf4+
46. Kg1 Qc1+ 47. Kf2 Qf4+ 48. Kg1 Qc1+ 1/2-1/2

[Event "ONJK 2018 B"]
[Site "Borne, Netherlands"]
[Date "2018.08.07"]
[Round "2.8"]
[White "Vermet, Thomas"]
[Black "Broersma, Sven"]
[Result "1-0"]
[WhiteElo "1600"]
[BlackElo "1716"]
[PlyCount "61"]
[EventDate "2018.??.??"]

1. e4 c5 2. Nf3 d6 3. d4 cxd4 4. Nxd4 Nf6 5. Nc3 g6 6. f3 Bg7 7. Be3 O-O 8. Qd2
Nc6 9. O-O-O d5 10. Nxc6 bxc6 11. exd5 Nxd5 12. Nxd5 cxd5 13. Qxd5 Qc7 14. Qxa8
Bf5 15. Qxf8+ Kxf8 16. Rd2 Bf6 17. Bh6+ Kg8 18. Bd3 Be6 19. a3 Bd5 20. Be4 Bxe4
21. fxe4 Qb6 22. c3 Qa5 23. Rd5 Qc7 24. Rhd1 e6 25. Rd7 Qa5 26. e5 Bh4 27. g3
Bg5+ 28. Bxg5 Qxe5 29. Bh6 f5 30. Rd8+ Kf7 31. R1d7+ 1-0

[Event "ONJK 2018 B"]
[Site "Borne, Netherlands"]
[Date "2018.08.07"]
[Round "2.9"]
[White "Salomons, Quinten"]
[Black "Mainka, Irmin"]
[Result "1/2-1/2"]
[WhiteElo "1710"]
[BlackElo "1499"]
[PlyCount "48"]
[EventDate "2018.??.??"]

1. d4 d5 2. Nf3 Nf6 3. c4 c6 4. g3 Bf5 5. Bg2 e6 6. O-O Bd6 7. Nc3 Nbd7 8. Nd2
O-O 9. e4 dxe4 10. Ndxe4 Bb4 11. Qb3 Bxc3 12. Nxc3 Nb6 13. c5 Nbd5 14. Qxb7 Rb8
15. Qxa7 Ra8 16. Qb7 Rb8 17. Qxc6 Nb4 18. Qf3 Nc2 19. Be3 Nxa1 20. Rxa1 Rxb2
21. a4 Qa5 22. Bf4 Rc2 23. Nb5 Bg4 24. Qb3 Bf5 1/2-1/2

[Event "ONJK 2018 B"]
[Site "Borne, Netherlands"]
[Date "2018.08.07"]
[Round "2.10"]
[White "Nies, Levi"]
[Black "Vleming, Stefan"]
[Result "0-1"]
[WhiteElo "1576"]
[BlackElo "1685"]
[PlyCount "60"]
[EventDate "2018.??.??"]

1. e4 e5 2. Nf3 Nc6 3. Bc4 Nf6 4. O-O Bc5 5. Re1 O-O 6. h3 d6 7. c3 Be6 8. Bb5
a6 9. Ba4 b5 10. Bc2 d5 11. d4 exd4 12. e5 d3 13. Qxd3 Ne4 14. Bg5 Nxe5 15.
Qxe4 dxe4 16. Bxd8 Nxf3+ 17. gxf3 Raxd8 18. Rxe4 Bf5 19. c4 Bxe4 20. fxe4 Bd4
21. Nc3 Bxc3 22. bxc3 Rd2 23. Bb3 Rfd8 24. Kg2 g6 25. cxb5 axb5 26. c4 b4 27.
Ba4 R8d4 28. Bb5 Rxe4 29. Kg3 Ree2 30. a3 b3 0-1

[Event "ONJK 2018 B"]
[Site "Borne, Netherlands"]
[Date "2018.08.07"]
[Round "2.11"]
[White "Bonenkamp, Jasper"]
[Black "Winter, Harm"]
[Result "1-0"]
[WhiteElo "1684"]
[BlackElo "427"]
[PlyCount "81"]
[EventDate "2018.??.??"]

1. d4 d5 2. c4 e6 3. Nc3 Nc6 4. Nf3 Nf6 5. Bg5 g6 6. cxd5 exd5 7. Bxf6 Qxf6 8.
Nxd5 Bb4+ 9. Nxb4 Nxb4 10. a3 Nc6 11. e3 O-O 12. Be2 Rd8 13. O-O Rd5 14. Rc1
Qd6 15. b4 Rh5 16. Rc5 Bg4 17. Rxh5 Bxh5 18. Nd2 Re8 19. Bxh5 gxh5 20. Qxh5 Kh8
21. Qxf7 Rg8 22. Ne4 Qg6 23. Qxg6 Rxg6 24. Rc1 Ne7 25. Rxc7 Nf5 26. Rxb7 Nh4
27. Ng3 Rc6 28. h3 Rc2 29. Rxa7 Rc1+ 30. Kh2 Rc2 31. Ne4 Nf5 32. b5 Rb2 33. a4
Rc2 34. b6 Rc8 35. b7 Rb8 36. Ra8 Rg8 37. Rxg8+ Kxg8 38. b8=Q+ Kg7 39. Qe5+ Kg6
40. Qf6+ Kh5 41. g4# 1-0